Tilastot visalle suomalaisia artisteja

Klikkaa tästä pelataksesi tätä visaa!

Yleistilastot

  • Tätä visaa on pelattu 350 kertaa
  • Keskiarvotulos 9 / 15

Vastaustilastot

biisin nimiVastaus% Oikein
missä muruseni onjenni vartiainen
94%
tarkeneejvg
93%
keinutaanantti tuisku
92%
hula hularobin
87%
älä tyri nytjukka poika
79%
läikkyyarttu lindeman
73%
mennyt miesj karjalainen
70%
salaisuudettuuli
65%
rentun ruusuirwin goodman
60%
levoton tyttöanssi kela
58%
new way homeisac elliot
57%
baarikärpäneneppu normaali
47%
perhonenpaula koivuniemi
17%
siivetkatri helena
8%
silmiisi sunriki sorsa
2%

Tulosjakauma

Persentiili vastausten määrän mukaan

Jokaisen tuloksen saaneiden osuus

Tuloshistoriasi

Et ole pelannut tätä visaa